Rural development and factional politics (Record no. 11853)

MARC details
000 -LEADER
fixed length control field 00830nam a2200301Ia 4500
003 - CONTROL NUMBER IDENTIFIER
control field OSt
005 - DATE AND TIME OF LATEST TRANSACTION
control field 20220912144543.0
008 - FIXED-LENGTH DATA ELEMENTS--GENERAL INFORMATION
fixed length control field 220909b |||||||| |||| 00| 0 eng d
020 ## - INTERNATIONAL STANDARD BOOK NUMBER
International Standard Book Number 8185047405 (hbk)
020 ## - INTERNATIONAL STANDARD BOOK NUMBER
International Standard Book Number SL0859919
037 ## - SOURCE OF ACQUISITION
Terms of availability Textual
040 ## - CATALOGING SOURCE
Original cataloging agency CSL
Language of cataloging eng
Transcribing agency CSL
041 ## - LANGUAGE CODE
Language code of text/sound track or separate title eng
100 ## - MAIN ENTRY--PERSONAL NAME
Personal name Gurumurthy K.G
245 #0 - TITLE STATEMENT
Title Rural development and factional politics
260 ## - PUBLICATION, DISTRIBUTION, ETC.
Place of publication, distribution, etc. New Delhi
Name of publisher, distributor, etc. Reliance publishing house
Date of publication, distribution, etc. 1988
300 ## - PHYSICAL DESCRIPTION
Extent xxi, 189p. ill.
500 ## - GENERAL NOTE
General note Bibliography 181-186p.; Index 187-189p.
650 ## - SUBJECT ADDED ENTRY--TOPICAL TERM
Topical term or geographic name entry element Factionalism in kallapura
650 ## - SUBJECT ADDED ENTRY--TOPICAL TERM
Topical term or geographic name entry element Rural development
700 ## - ADDED ENTRY--PERSONAL NAME
Personal name Gurumurthy K.G
942 ## - ADDED ENTRY ELEMENTS (KOHA)
Classification part Y31:7:7, M8
Koha item type Textual
Source of classification or shelving scheme Colon Classification (CC)
Holdings
Withdrawn status Lost status Damaged status Not for loan Home library Current library Date acquired Total Checkouts Full call number Barcode Date last seen Price effective from Koha item type
        Central Science Library Central Science Library 2022-09-12   Y31:7:7 M8 SL0859919 2022-09-12 2022-09-12 Textual
Copyright @ Delhi University Library System